Statystyki dla Stany USA od A do Z

Kliknij tutaj aby rozwiązać quiz!

Ogólne statystyki

  • Ten quiz został rozwiązany 589 razy
  • Średni wynik to 15 z 18

Statystyki odpowiedzi

LiteraNazwa stanu% Poprawnych
AAlabama, Alaska, Arizona, Arkansas
98%
KKalifornia, Kansas, Karolina Południowa, Karolina Północna, Kentucky, Kolorado
95%
NNebraska, Nevada, New Hampshire, New Jersey, Nowy Jork, Nowy Meksyk
92%
OOhio, Oklahoma, Oregon
92%
WWaszyngton, Wirginia, Wirginia Zachodnia, Wisconsin, Wyoming
91%
MMaine, Maryland, Massachusetts, Michigan, Minnesota, Missisipi, Missouri, Montana
90%
IIdaho, Illinois, Indiana, Iowa
89%
FFloryda
84%
TTeksas, Tennessee
83%
DDakota Południowa, Dakota Północna, Delaware
82%
GGeorgia
82%
HHawaje
79%
UUtah
78%
LLuizjana,
76%
PPensylwania
76%
RRhode Island
66%
VVermont
63%
CConnecticut
62%

Rozkład punktacji

Percentyl według liczby udzielonych odpowiedzi

Procent ludzi z każdym wynikiem

Twoja historia wyników

Nie rozwiązałeś tego quizu